Canción de Rachel
Αποθηκεύτηκε σε:
| Κύριος συγγραφέας: | |
|---|---|
| Μορφή: | Βιβλίο |
| Γλώσσα: | Ισπανικά |
| Έκδοση: |
Buenos Aires
Galerna
1969
|
| Θέματα: | |
| Ετικέτες: |
Προσθήκη ετικέτας
Δεν υπάρχουν, Καταχωρήστε ετικέτα πρώτοι!
|
MARC
| LEADER | 00000nam a2200000 a 4500 | ||
|---|---|---|---|
| 001 | UCT6433 | ||
| 003 | CL-VaPUC | ||
| 008 | 970113e19690000AG |||||||||||||||||spa|d | ||
| 082 | 0 | 4 | |a Cu863 |b BAR |2 21 |
| 100 | 0 | |a Barnet, Miguel |e author |9 376632 | |
| 245 | 1 | 0 | |a Canción de Rachel |
| 300 | |a 169 p | ||
| 942 | |c BK | ||
| 945 | |d 19970113 00:00:00 |a rbrito | ||
| 260 | |a Buenos Aires |b Galerna |c 1969 | ||
| 650 | 0 | |a Novelas cubanas |9 268276 | |
| 583 | |a last modification |c 19970113 00:00:00 |k Rodrigo Vera | ||
| 999 | |c 255140 |d 255138 | ||
| 952 | |0 0 |1 0 |4 0 |6 CU_863_000000000000000_BAR_1969 |7 0 |8 A |9 277250 |a BIBEDU |b BIBEDU |d 2019-11-19 |i 3266702 |o Cu863 BAR 1969 |p 3266702 |r 2019-11-19 |w 2019-11-19 |y BK |k LIT | ||